Managing in organisations (Record no. 82552)

MARC details
000 -LEADER
fixed length control field 01224nam a2200217 a 4500
008 - FIXED-LENGTH DATA ELEMENTS--GENERAL INFORMATION
fixed length control field 120416s1985 ||||||||||||||||| || u
020 ## - INTERNATIONAL STANDARD BOOK NUMBER
International Standard Book Number 0335172210
050 ## - LIBRARY OF CONGRESS CALL NUMBER
Classification number HD 30.25 Ope
110 ## - MAIN ENTRY--CORPORATE NAME
Corporate name or jurisdiction name as entry element The Open university
245 10 - TITLE STATEMENT
Title Managing in organisations
260 ## - PUBLICATION, DISTRIBUTION, ETC.
Place of publication, distribution, etc. Milton Keynes
Name of publisher, distributor, etc. The University Press
Date of publication, distribution, etc. 1985
300 ## - PHYSICAL DESCRIPTION
Extent 5 Vols.
350 ## -
-- 0.00
650 ## - SUBJECT ADDED ENTRY--TOPICAL TERM
Topical term or geographic name entry element ORGANIZATIONAL MANAGEMENT
650 #0 - SUBJECT ADDED ENTRY--TOPICAL TERM
Topical term or geographic name entry element MANAGEMENT
995 ## -
-- ANNEX COLLECTION (Main Library)
-- 0.00
-- 723890
-- CBU-MAIN LIBRARY (Kitwe)
-- 1
-- 3.00
-- HD 30.25 Ope
-- 1
-- AVAILABLE
-- 003060
-- Annex Low-Usage Collection
995 ## -
-- ANNEX COLLECTION (Main Library)
-- 0.00
-- 723889
-- CBU-MAIN LIBRARY (Kitwe)
-- 2
-- 3.00
-- HD 30.25 Ope
-- 2
-- AVAILABLE
-- 003059
-- Annex Low-Usage Collection
995 ## -
-- ANNEX COLLECTION (Main Library)
-- 0.00
-- 723887
-- CBU-MAIN LIBRARY (Kitwe)
-- 5
-- 3.00
-- HD 30.25 Ope
-- 5
-- AVAILABLE
-- 002728
-- Annex Low-Usage Collection
995 ## -
-- ANNEX COLLECTION (Main Library)
-- 0.00
-- 723886
-- CBU-MAIN LIBRARY (Kitwe)
-- 3
-- 3.00
-- HD 30.25 Ope
-- 3
-- AVAILABLE
-- 002727
-- Annex Low-Usage Collection
995 ## -
-- ANNEX COLLECTION (Main Library)
-- 0.00
-- 723888
-- CBU-MAIN LIBRARY (Kitwe)
-- 4
-- 3.00
-- HD 30.25 Ope
-- 4
-- AVAILABLE
-- 003058
-- Annex Low-Usage Collection
999 ## -
-- 82552
-- 82552
Holdings
Withdrawn status Lost status Source of classification or shelving scheme Damaged status Not for loan Permanent Location Current Location Shelving location Date acquired Total Checkouts Full call number Barcode Date last seen Copy number Price effective from Koha item type
          CBU-MAIN LIBRARY, KITWE. CBU-MAIN LIBRARY, KITWE.   09/29/2023   HD 30.25 Ope 003060 09/29/2023 1 09/29/2023 MONOGRAPH
          CBU-MAIN LIBRARY, KITWE. CBU-MAIN LIBRARY, KITWE.   09/29/2023   HD 30.25 Ope 003059 09/29/2023 2 09/29/2023 MONOGRAPH
          CBU-MAIN LIBRARY, KITWE. CBU-MAIN LIBRARY, KITWE.   09/29/2023   HD 30.25 Ope 002728 09/29/2023 3 09/29/2023 MONOGRAPH
          CBU-MAIN LIBRARY, KITWE. CBU-MAIN LIBRARY, KITWE.   09/29/2023   HD 30.25 Ope 002727 09/29/2023 4 09/29/2023 MONOGRAPH
          CBU-MAIN LIBRARY, KITWE. CBU-MAIN LIBRARY, KITWE.   09/29/2023   HD 30.25 Ope 003058 09/29/2023 5 09/29/2023 MONOGRAPH